Di tích nhà cổ Quân Thắng ở khu phố cổ Hội An

Tổng quan về khu phố cổ Hội An. Nhà cổ Quân Thắng. Bảo tồn và phát huy giá trị nhà cổ Quân Thắng.

Đã lưu trong:
Sonraí Bibleagrafaíochta
Príomhúdar: Phùng Văn Phương
Údair Eile: Lương Vĩnh An (Hướng dẫn)
Formáid: Leabhar
Teanga:Vietnamese
Foilsithe: Đà Nẵng Đại học Sư phạm, Đại học Đà Nẵng 2013
Ábhair:
Clibeanna: Cuir Clib Leis
Gan Chlibeanna, Bí ar an gcéad duine leis an taifead seo a chlibeáil!
Thư viện lưu trữ: Mạng thư viện Đại học Đà Nẵng
LEADER 01606nam a2200385 4500
001 000018918
003 15353
005 20140311100315.0
008 140219s2013 viesd
041 |a vie 
072 |a VHH 
082 1 4 |a 724.1  |b PH-P 
100 1 |a Phùng Văn Phương 
245 1 0 |a Di tích nhà cổ Quân Thắng ở khu phố cổ Hội An  |c Phùng Văn Phương ; Lương Vĩnh An hướng dẫn  |k Khóa luận tốt nghiệp 
260 |a Đà Nẵng  |b Đại học Sư phạm, Đại học Đà Nẵng  |c 2013 
300 |a 88 tr., phụ lục 7 tr.  |b Hình mh.  |c 29 cm. 
500 |a Khóa luận tốt nghiệp đại học. Chuyên ngành: Cử nhân Văn hóa học 
520 |a Tổng quan về khu phố cổ Hội An. Nhà cổ Quân Thắng. Bảo tồn và phát huy giá trị nhà cổ Quân Thắng. 
650 0 4 |a Kiến trúc cổ  |v Khóa luận tốt nghiệp  |x Nghiên cứu  |z Hội An 
653 |a Kiến trúc cổ 
653 |a Khoa Ngữ văn 
653 |a Di tích nhà cổ 
653 |a Nhà cổ Quân Thắng 
653 |a Hội An 
700 1 |a Lương Vĩnh An  |e Hướng dẫn 
OWN |a LSP 
AVA |a UDN50  |b LSP  |d 724.1 PH-P  |e available  |t Error 5001 Not defined in file expand_doc_bib_avail.  |f 1  |g 0  |h N  |i 0  |k 1 
999 |a From the UDN01 
AVA |a UDN50  |b LSP  |d 724.1 PH-P  |e available  |t Error 5001 Not defined in file expand_doc_bib_avail.  |f 1  |g 0  |h N  |i 0  |k 1 
TYP |a Monograph 
TYP |a Printed language 
980 |a Mạng thư viện Đại học Đà Nẵng